000 00432nab a2200145Ia 4500
003 ES-SlBCS
005 20210601125509.0
008 140529s2005 xxu||||| |||| 00| 0 eng d
041 _aeng
100 1 _aSarkar, Husain
_9159317
245 0 0 _aKant: Let Us Compare
_c Husain Sarkar
600 1 4 _aKant, Immanuel
_d, 1724-1804
_994277
773 0 _tReview of Methaphysics
_gvol. 58/4, nº. 232, 2005, págs. 755-783
_wRev843
942 _cAR
999 _c531259
_d531259